| 000 | 00740cam a22002413a 4500 | ||
|---|---|---|---|
| 001 | 25830 | ||
| 003 | PGUSA | ||
| 005 | 20140828083545.0 | ||
| 008 | 080618s2008||||xxu|||||s|||||000 | eng d | ||
| 040 |
_aPGUSA _beng |
||
| 042 | _adc | ||
| 050 | 4 | _aB | |
| 100 | 1 |
_aDescartes, René, _d1596-1650 |
|
| 245 | 1 | 2 |
_aA Discourse of a Method for the Well Guiding of Reason ; _band, the Discovery of Truth in the Sciences _h[electronic resource] / _cRené Descartes |
| 260 |
_bProject Gutenberg, _c2008 |
||
| 506 | _aPublic domain in the USA. | ||
| 516 | _aElectronic text | ||
| 653 | _aMethodology | ||
| 653 | _aScience -- Methodology | ||
| 830 | 0 |
_aProject Gutenberg _v25830 |
|
| 856 | 4 | 0 | _uhttp://www.gutenberg.org/ebooks/25830 |
| 942 | _cEB | ||
| 999 |
_c255085 _d255085 |
||